000 00446nam a2200157Ia 4500
003 OSt
005 20200811115103.0
008 190216s9999||||xx |||||||||||||| ||und||
040 _coclc
082 _a519.5
_bPOT/T
100 _aPotti, L R
_9868
245 2 _aA Text Book Of Statistics /
_cL R Potti
260 _bYamuna Publications,
_aThiruvananthapuram:
300 _a436p
942 _cBK
_2ddc
_h519.5
_iPOT/T
_k519.5
_mPOT/T
999 _c8258
_d8258